What a life! : (Record no. 154349)

MARC details
000 -LEADER
fixed length control field 00685nam a22002057a 4500
005 - DATE AND TIME OF LATEST TRANSACTION
control field 20180719111152.0
010 ## - LCCN (DPL NO)
LC control number ENG-123552
020 ## - INTERNATIONAL STANDARD BOOK NUMBER
International Standard Book Number 9789386906052
Terms of availability 495.00
035 ## - SYSTEM CONTROL NUMBER
System control number EN-107084
037 ## - SOURCE OF ACQUISITION
Source of stock number/acquisition DBAD/PUB
082 ## - DEWEY DECIMAL CLASSIFICATION NUMBER
Classification number 741.535854
100 ## - MAIN ENTRY--PERSONAL NAME
Personal name Chatterjee, Partha
245 ## - TITLE STATEMENT
Title What a life! :
Statement of responsibility, etc by Partha Chatterjee [and] Arvindar Singh
Remainder of title a jakeudiscioe if rahubder oyru's cartoons /
260 ## - PUBLICATION, DISTRIBUTION, ETC. (IMPRINT)
Place of publication, distribution, etc New Delhi
Name of publisher, distributor, etc Niyogi Books
Date of publication, distribution, etc 2017
270 ## - ADDRESS
Address D-78, Okhla Industrial Area, Phase-I
City New Delhi
Postal code 110020
300 ## - PHYSICAL DESCRIPTION
Extent 147p. :
Dimensions 25cm(pbk)
Other physical details ill.
650 ## - SUBJECT ADDED ENTRY--TOPICAL TERM
Topical term or geographic name as entry element Monuments
Geographic subdivision India
-- Delhi.
700 ## - ADDED ENTRY--PERSONAL NAME
Personal name Arvindar Singh
9 (RLIN) 43140
942 ## - ADDED ENTRY ELEMENTS (KOHA)
Source of classification or shelving scheme Dewey Decimal Classification
Item type English Books
Classification part 741.535854
Call number suffix CHA
Holdings
Withdrawn status Lost status Not for loan Collection code Home library Current library Date acquired Source of acquisition Cost, normal purchase price Full call number Barcode Copy number Cost, replacement price Koha item type
    Not For Loan Non-fiction D.B.Act.Division Bawana 19/07/2018 DBAD/PUB 495.00 741.535854 CHA EN-107084 1 495.00 English Books

© Delhi Public Library
Hit Counter
free hit counter